| 000 | 00436nam a22001337a 4500 | ||
|---|---|---|---|
| 999 |
_c127170 _d127170 |
||
| 005 | 20220714110159.0 | ||
| 008 | 220714b ||||| |||| 00| 0 eng d | ||
| 040 | _cPK-LaUMT | ||
| 082 |
_aAPC 297.4092 _bKHU- |
||
| 245 |
_aKhusroo shanasi = خسرو شناسی/ _ccompiled by Abual Faiz Saher = مرتبہ ؛ ظ انصاری اور ابو الفیض سحر |
||
| 260 |
_aLahore : _bSafina Adab, _c1990 |
||
| 300 | _a344 p. | ||
| 942 | _cBK | ||